00809nam a22002175i 4500001000700000003000900007005001700016008004100033020002200074080002100096100003500117245002800152260003800180300002100218490004200239500008800281830004700369852003300416999001900449952012300468169239ES-MaACL20250911062844.0080825s2008 sp |||| | spa d a978-84-7522-029-1 a821.134.2-14"19" aVilas, Manuel, d1962-923966810aCalor / cManuel Vilas. aMadrid : bVisor Libros, c[2008] a63 p. ; c20 cm.1 aColección Visor de poesía ; v685 a"VI Premio de Poesía Fray Luis de León de la Diputación Provincial de Cuenca"0 aColección Visor de poesíav6859177331 aES-MaACLjL-29685 9R.143631 c169239d169239 00104070aATENEOMbATENEOMcDEPO2d2008-08-25eCOMl0oL-29685p1177683r2023-02-23 00:00:00w2023-02-23yMONOGRAFIA